| 000 | 00662nam a2200205Ia 4500 | ||
|---|---|---|---|
| 003 | GCL | ||
| 008 | 140319s9999 xx 000 0 ara d | ||
| 040 |
_aGCL / _cGCL |
||
| 082 | 0 | 4 |
_a301.4 _bك م |
| 100 | 1 | _aكلافال, بول | |
| 245 | 1 | 0 |
_aالمكان والسلطة / _cكلافال, بول |
| 700 | 1 | _aعبدالامير ابراهيم شمس الدين | |
| 260 |
_a[S.N] : _bالمؤسسة الجامعية للدراسات والنشر والتوزيع ، _c1990 |
||
| 300 | _a214 ص | ||
| 490 | _a | ||
| 650 | 0 | 4 | _aالمجتمع |
| 650 | 0 | 4 | _aالدولة |
| 650 | 0 | 4 | _aعبدالامير ابراهيم شمس الدين |
| 942 |
_2ddc _cBK |
||
| 999 |
_c29987 _d29987 |
||